Fundamentals of pattern recognition
Αποθηκεύτηκε σε:
| Κύριος συγγραφέας: | |
|---|---|
| Μορφή: | Βιβλίο |
| Γλώσσα: | English |
| Δημοσίευση: |
New York :
M. Dekker,
c1993
|
| Έκδοση: | 2nd ed., rev. and expanded |
| Σειρά: | Monographs and textbooks in pure and applied mathematics ;
; 174 |
| Θέματα: | |
| Ετικέτες: |
Προσθήκη ετικέτας
Δεν υπάρχουν, Καταχωρήστε ετικέτα πρώτοι!
|
MARC
| LEADER | 00000cam a2200000 i 4500 | ||
|---|---|---|---|
| 001 | 1/53678 | ||
| 008 | 941103s1993 eng d | ||
| 020 | |a 0824788834 | ||
| 035 | |l 10044773 | ||
| 035 | |a 1993 | ||
| 040 | |a GR-MY-UA |b gre |e aacr | ||
| 041 | 0 | |a eng | |
| 082 | 0 | |a 003.52 |2 (20) | |
| 100 | 1 | |a Pavel, Monique. | |
| 245 | 1 | 0 | |a Fundamentals of pattern recognition / |c Monique Pavel |
| 250 | |a 2nd ed., rev. and expanded | ||
| 260 | |a New York : |b M. Dekker, |c c1993 | ||
| 300 | |a xii, 254 p.; |c 24 cm | ||
| 490 | 1 | |a Monographs and textbooks in pure and applied mathematics |v ; 174 | |
| 504 | |a Includes bibliographical references (p. 237-242) and index | ||
| 650 | 0 | 0 | |a Pattern perception. |
| 650 | 0 | 0 | |a Homotopy theory. |
| 650 | 0 | 0 | |a Topological spaces. |
| 830 | 0 | |a Monographs and textbooks in pure and applied mathematics ; |v ; 174 | |
| 852 | |a INST |b SAMOS |e 19941103 |h 003.52 PAV |p 005300007637 |q 005300007637 |t BK |y 0 | ||
| 909 | |a Σ |b 030257 | ||